ARRUPE JESUIT UNIVERSITY

CORONAVIRUS -STOP THE SPREAD - CLEAN,DISINFECT,COVER

White man, we want to talk to you / (Record no. 9653)

MARC details
000 -LEADER
fixed length control field 00454nam a2200193Ia 4500
003 - CONTROL NUMBER IDENTIFIER
control field 0100
005 - DATE AND TIME OF LATEST TRANSACTION
control field 20180222154633.0
008 - FIXED-LENGTH DATA ELEMENTS--GENERAL INFORMATION
fixed length control field 130303s9999 xx 000 0 und d
020 ## - INTERNATIONAL STANDARD BOOK NUMBER
International Standard Book Number 0841904553
040 ## - CATALOGING SOURCE
Transcribing agency ARRUPELIB
050 ## - LIBRARY OF CONGRESS CALL NUMBER
Classification number DT763.H44 1979
300 ## - PHYSICAL DESCRIPTION
Other physical details 22cm.
100 ## - MAIN ENTRY--PERSONAL NAME
Personal name Herbstein, Denis
9 (RLIN) 39514
245 ## - TITLE STATEMENT
Title White man, we want to talk to you /
260 ## - PUBLICATION, DISTRIBUTION, ETC. (IMPRINT)
Place of publication, distribution, etc New York
Name of publisher, distributor, etc African Pub. Co.
Date of publication, distribution, etc 1979
300 ## - PHYSICAL DESCRIPTION
Extent 270p.
650 ## - SUBJECT ADDED ENTRY--TOPICAL TERM
Topical term or geographic name as entry element South Africa
General subdivision Race relations
9 (RLIN) 29009
650 ## - SUBJECT ADDED ENTRY--TOPICAL TERM
Topical term or geographic name as entry element Soweto (South Africa)
General subdivision History
9 (RLIN) 39515
650 ## - SUBJECT ADDED ENTRY--TOPICAL TERM
Topical term or geographic name as entry element South Africa
General subdivision Politics and government
Geographic subdivision 1961-1978
9 (RLIN) 39516
650 ## - SUBJECT ADDED ENTRY--TOPICAL TERM
Topical term or geographic name as entry element Riots -- --
Geographic subdivision South Africa
-- Soweto
9 (RLIN) 39517
942 ## - ADDED ENTRY ELEMENTS (KOHA)
Source of classification or shelving scheme Library of Congress Classification
Koha item type Monograph ( Printed materials)
Holdings
Withdrawn status Lost status Source of classification or shelving scheme Damaged status Not for loan Collection code Home library Current library Shelving location Date acquired Total Checkouts Full call number Barcode Date last seen Date checked out Copy number Price effective from Koha item type
    Library of Congress Classification     Main Collection ARRUPE LIBRARY ARRUPE LIBRARY   04/03/2013 2 DT763.H44 1979 46003033298 26/04/2023 07/03/2023 1 04/03/2013 Monograph ( Printed materials)

 

Arrupe Library. PO Box MP320 Mt Pleasant, Harare, Zimbabwe
263 242 745411|librarian@aju.ac.zw